Prospects of saline agriculture in the Arabian Peninsula: (Record no. 26081)

MARC details
000 -LEADER
fixed length control field 00893cam a2200241I 4500
001 - CONTROL NUMBER
control field u18172
003 - CONTROL NUMBER IDENTIFIER
control field SIRSI
008 - FIXED-LENGTH DATA ELEMENTS--GENERAL INFORMATION
fixed length control field 070226s2004 a mau 000 0 eng d
020 ## - INTERNATIONAL STANDARD BOOK NUMBER
International Standard Book Number 1884940323
040 ## - CATALOGING SOURCE
Original cataloging agency EAL
050 ## - LIBRARY OF CONGRESS CALL NUMBER
Classification number S620
Item number IP76 2004
245 10 - TITLE STATEMENT
Title Prospects of saline agriculture in the Arabian Peninsula:
Remainder of title proceeding of international symposium on prospects of saline agriculture in the GCC countries/
Statement of responsibility, etc. edited by Faisal K.Taha, Shoaib Ismail and Abdullah Jaradat.
260 ## - PUBLICATION, DISTRIBUTION, ETC.
Place of publication, distribution, etc. Amherst, Massachusetts:
Name of publisher, distributor, etc. Amherst Scientific Publishers,
Date of publication, distribution, etc. 2004
300 ## - PHYSICAL DESCRIPTION
Extent xiv,576p.:
Other physical details ill.;
Dimensions 24 cm.
504 ## - BIBLIOGRAPHY, ETC. NOTE
Bibliography, etc. note Includes bibliographical references.
596 ## -
-- 1
650 #0 - SUBJECT ADDED ENTRY--TOPICAL TERM
Topical term or geographic name entry element Salt-tolerant crops.
650 #0 - SUBJECT ADDED ENTRY--TOPICAL TERM
Topical term or geographic name entry element Agriculture
Geographic subdivision Arabian Peninsula.
700 1# - ADDED ENTRY--PERSONAL NAME
Personal name Taha, Faisal K.
700 1# - ADDED ENTRY--PERSONAL NAME
Personal name Ismail, Shoaib.
700 1# - ADDED ENTRY--PERSONAL NAME
Personal name Jaradat, Abdullah.
942 ## - ADDED ENTRY ELEMENTS (KOHA)
Koha item type Books
Source of classification or shelving scheme Library of Congress Classification
Holdings
Withdrawn status Lost status Source of classification or shelving scheme Damaged status Not for loan Home library Current library Date acquired Total Checkouts Full call number Barcode Date last seen Copy number Price effective from Koha item type
    Library of Congress Classification     Main Main 02/20/2018   S620 IP76 2004 0009523 02/20/2018 1 02/20/2018 Books

Home | About ENAL | Collections | Services | Activities | Calendar | Contact us

7 Nadi El Sayed St., Giza, Egypt | Phone:02-33351121 +02-33351313 | 
| Email: enalegypt@gmail.com